000
00228nam a22000857a 4500
008
170110b xxu||||| |||| 00| 0 eng d
100
_9
2294
_a
Bhashanjaly. S
245
_a
ABC of value education-2
260
_a
New Delhi
_b
Holy Faith
_c
2007
999
_c
5195
_d
5195